1972 1379 1955 1875 1370 1600 1490 1745 1240 1024 1977 1985 1062 1238 1681 1398 1248 1844 1965 1420 1745 1151 1964 1981 1228 1959 1233 1630 1318 1120 1774 1651 1295 1223 1213 1594 1664 1193 1642 1831 1179 1075 1732 1709 1573 1049 1347 1368 1195 1903 1235 1367 1242 1526 1734 1755 1144 1325 1536 1928 1863 1457 1677 1853 1417 1280 1251 1551 1207 1378 1432 1854 1965 1453 1212 1611 1358 1285 1893 1907 1893 1961 1835 1639 1587 1983 1151 1596 1014 1616 1430 1303 1293 1823 1727 1495 1917 1764 1967 BCNSPRNW ULIB Ver.6.0+V

เปลี่ยนเป็นภาษาไทย

Change to English
 แสดงรายละเอียดบรรณานุกรม
  กลับหน้าหลัก

Brief Record : Get Marc (ISO 2709) : E-mail record : QR code < ปิดหน้าต่าง
LEADER : 00000nam 2200000uu 4500
001    13399110672
003     ULIB
008    110607s2551||||th 000 0 tha d
020    9789741109265
060 04 WS100^bจ332ก 2551
245 00 กุมารเวชศาสตร์ทันยุค =^bNew frontier in pediatrics /^cบรรณาธิการ, จารุพิมพ์ สูงสว่าง ... [และคนอื่นๆ]
246 31 New frontier in pediatrics
250    พิมพ์ครั้งที่ 1
260    กรุงเทพฯ :^bเฮาแคนดู,^c2551
300    320 หน้า :^bภาพประกอบ ;^c27 ซม.
650  7 กุมารเวชศาสตร์
653    ผลงานอาจารย์คณะแพทยศาสตร์ศิริราชพยาบาล
700 0  จารุพิมพ์ สูงสว่าง,^eบรรณาธิการ
945    ^p350^l0^i026128
945    ^p350^l0^i024093
945    ^p350^l0^i026129
945    ^p350^l0^i026127
995    ทศพร
999 ^a ใช้งานได้ทุกระบบ
รายการนี้ยังไม่มีแท็ก
คุณยังไม่ได้ล็อกอิน คุณสามารถมีกิจกรรมร่วมกับเว็บไซต์ได้ แต่ต้องล็อกอินก่อน ::
  ล็อกอิน

รายการสื่อสารสนเทศ

ลำดับที่ ประเภท เลขเรียก/บาร์โค้ด สถานที่ สถานะ
- ไม่พบข้อมูล -

รายการใกล้เคียง
    หัวเรื่อง [กุมารเวชศาสตร์]

BibComment


ยังไม่เคยถูกคอมเมนท์

คอมเมนท์ทรัพยากรรายการนี้
  คอมเมนท์: กุมารเวชศาสตร์ทัน..


 Copyright 2026. Bcnsprnw @Library